000 00479nam a22001577a 4500
005 20231025123228.0
008 231025b |||||||| |||| 00| 0 eng d
020 _a0702146730
082 _a347.1 JUD
100 _lEnglish
245 _aThe Judiciary in Africa /
_cedited by Bola Ajibola and Deon Van Zyl
260 _aCape Town :
_bJuta & Co, Ltd,
_c1998
300 _bxxiv, 236 pages ;
_c25,5 cm.
650 _aLegal practice
_bLaw
942 _cBK
_6ALISON_BN_VRIES
999 _c52
_d52